Manuál k študijnému pobytu Erasmus+
Guardado en:
| Otros Autores: | , , |
|---|---|
| Formato: | Libro |
| Lenguaje: | eslovaco |
| Publicado: |
Bratislava
Ekonomická univerzita v Bratislave
2018
|
| Edición: | 1. vydanie |
| Materias: | |
| Etiquetas: |
Sin Etiquetas, Sea el primero en etiquetar este registro!
|
MARC
| LEADER | 00000nam a2200000 4500 | ||
|---|---|---|---|
| 001 | 0248211 | ||
| 005 | 20240502073954.2 | ||
| 020 | |a 978-80-225-4483-2 | ||
| 041 | 0 | |a slo | |
| 044 | |a SK | ||
| 245 | 1 | 0 | |a Manuál k študijnému pobytu Erasmus+ |c editori: Boris Mattoš, Simona Kosztanko, Miroslava Darnadiová a kolektív |
| 250 | |a 1. vydanie | ||
| 264 | 1 | |a Bratislava |b Ekonomická univerzita v Bratislave |c 2018 | |
| 300 | |a 19 s. | ||
| 610 | 2 | 0 | |a študenti |
| 610 | 2 | 0 | |a štúdium v zahraničí |
| 610 | 2 | 0 | |a štúdium vysokoškolské |
| 610 | 2 | 0 | |a granty |
| 610 | 2 | 0 | |a Erasmus+ |
| 700 | 1 | |a Mattoš, Boris, 1977- | |
| 700 | 1 | |a Kosztanko, Simona, 1988- | |
| 700 | 1 | |a Darnadiová, Miroslava | |